Nghiên cứu đặc tính cọc xi măng đất cho công trình thủy lợi tỉnh Sóc Trăng : Luận văn tốt nghiệp Cao học. Chuyên ngành Kỹ thuật xây dựng công trình thủy

Xác định loại xi măng phù hợp cho phương pháp gia cố bằng cọc xi măng đất ở Trần Đề, Sóc Trăng; Xác định tỷ lệ xi măng phù hợp để cho phương pháp xi măng đất ở khhu vực nghiên cứu; Xác định cường độ xi măng đất....

Volledige beschrijving

Bewaard in:
Bibliografische gegevens
Hoofdauteur: Ngô, Trường Lâm
Formaat: Boek
Taal:Undetermined
Gepubliceerd in: Cần Thơ Trường Đại học Cần Thơ 2019
Onderwerpen:
Tags: Voeg label toe
Geen labels, Wees de eerste die dit record labelt!
Thư viện lưu trữ: Trung tâm Học liệu Trường Đại học Cần Thơ
LEADER 01190nam a2200217Ia 4500
001 CTU_229938
008 210402s9999 xx 000 0 und d
082 |a 624.15136 
082 |b L120 
088 |a 8580202 
100 |a Ngô, Trường Lâm 
245 0 |a Nghiên cứu đặc tính cọc xi măng đất cho công trình thủy lợi tỉnh Sóc Trăng : 
245 0 |b Luận văn tốt nghiệp Cao học. Chuyên ngành Kỹ thuật xây dựng công trình thủy 
245 0 |c Ngô Trường Lâm ; Lê Gia Lâm (Cán bộ hướng dẫn) 
260 |a Cần Thơ 
260 |b Trường Đại học Cần Thơ 
260 |c 2019 
520 |a Xác định loại xi măng phù hợp cho phương pháp gia cố bằng cọc xi măng đất ở Trần Đề, Sóc Trăng; Xác định tỷ lệ xi măng phù hợp để cho phương pháp xi măng đất ở khhu vực nghiên cứu; Xác định cường độ xi măng đất. 
650 |a Soil mechanics,Cơ học đất 
910 |b nthai 
980 |a Trung tâm Học liệu Trường Đại học Cần Thơ